A coursebook on reading : Basic Reading Skills & Advanced Reading Skills

There is useful source of references after each unit for further practice. Hopefully, this coursebook will serve those who are keen on improving their language skills, especially reading competence.

保存先:
書誌詳細
第一著者: Nguyen, Thu Huong
フォーマット: 図書
言語:Undetermined
出版事項: Cần Thơ Đại học Cần Thơ 2012
主題:
タグ: タグ追加
タグなし, このレコードへの初めてのタグを付けませんか!
Thư viện lưu trữ: Trung tâm Học liệu Trường Đại học Cần Thơ
LEADER 00817nam a2200217Ia 4500
001 CTU_229332
008 210402s9999 xx 000 0 und d
020 |c 31000 
082 |a 428.4 
082 |b H561 
100 |a Nguyen, Thu Huong 
245 2 |a A coursebook on reading : 
245 0 |b Basic Reading Skills & Advanced Reading Skills 
245 0 |c Nguyen Thu Huong, Ho Phuong Thuy, Nguyen Thai Huu 
260 |a Cần Thơ 
260 |b Đại học Cần Thơ 
260 |c 2012 
520 |a There is useful source of references after each unit for further practice. Hopefully, this coursebook will serve those who are keen on improving their language skills, especially reading competence. 
650 |a Đọc,Reading 
910 |b nthai 
980 |a Trung tâm Học liệu Trường Đại học Cần Thơ